000 00344nam a22001217a 4500
008 170907b xxu||||| |||| 00| 0 eng d
041 _aeng
080 _a91
100 _a42
101 _aGJEO
245 _aTHE EXPLORATIONS OF CAPTAIN JAMES COOK IN THE PACIFIC AS TOLD BY SELECTIONS OF HIS OWN JOURNALS 1768-1779
_cPRICE,A.G
942 _2udc
_cBK
999 _c26597
_d26597